Thanksgiving 'Feast' Quiz Stats

 Plays Quiz not verified by Sporcle

Score 0/17 Timer 05:00
0 Plays Today
Clue Answer % Correct
These people threw the first Thanksgiving feast with the Indians when they came to America.Pilgrims
91.4%
Thanksgiving is when we give ____ to God.Thanks
85.6%
This bird is one of the Thanksgiving symbols and one of the most popular foods.Turkey
82.7%
This American sport is widely popular on Thanksgiving Day.Football
82.7%
The people who came to America came on this ship.The Mayflower
82.3%
What ocean did the people need to cross?Atlantic Ocean
81.1%
A popular New York City parade is the ____ Thanksgiving Day Parade.Macy's
81.1%
The first Thanksgiving celbration lasted ____ days.Three
77.8%
*Thanksgiving is celebrated on the____ ____ of November.Fourth Thursday
76.5%
Clue Answer % Correct
What Massachusetts city did they celebrate Thanksgiving in?Plymouth
68.7%
What year was the first Thanksgiving celebrated in? 1521, 1621, or 1721?1621
66.7%
What year did George Washington issue the first national Thanksgiving Day Proclamation? 1788, 1789, or 1790?1789
58.8%
This Patuxet is known as the interpreter, guide and agriculture advisor to the people. Squanto, Massasoit, or Samoset?Squanto
54.3%
Thanksgiving has been an annual tradition in the United States since the year___. 1853, 1860, or 1863?1863
53.1%
What tribe of Indians did they meet? Wampanoag, Sioux, or Narrangansett?Wampanoag
52.3%
What country celebrates a holiday known as Thanksgiving Day, but has nothing to do with the American or Canadian holiday? Grenada, St. Kitts and Nevis, or Tuvalu?Grenada
45.3%
*In Canada, Thanksgiving is celbrated on the ____ ____ of October.Second Monday
30.9%

You're not logged in!

Compare scores with friends on all Sporcle quizzes.
OR
Log In

Show Comments

Extras

Top Quizzes Today


Score Distribution

Your Account Isn't Verified!

In order to create a playlist on Sporcle, you need to verify the email address you used during registration. Go to your Sporcle Settings to finish the process.

Report this User

Report this user for behavior that violates our Community Guidelines.

Details: